Les 5 meilleurs buteurs du FC Lorient - Statistiques

Statistiques générales
  • Ce quiz a été pris 159 fois
  • Le résultat moyen est 3 sur 5
Statistiques - réponses
Nb Buts Noms des joueurs % Correct
50 Gameiro
93%
26 Aliadière
57%
26 Moukandjo
47%
20 Waris
41%
26 Saïfi
18%
Aucun quiz correspondant
Distribution des résultats
% des personnes avec chaque résultat
Percentile par nombre de réponses
Votre historique - résultats
Vous n’avez pas pris ce quiz